Joan edukira

Дефект и сверхкомпенсация

Классическое произведение, относящееся к общественному достоянию.

Gorde:
Xehetasun bibliografikoak
Egile nagusia: Выготский Л. С.
Formatua: Книга
Hizkuntza:Russian
Argitaratua: Санкт-Петербург Лань 2017
Sarrera elektronikoa:https://e.lanbook.com/book/96045
https://e.lanbook.com/img/cover/book/96045.jpg
Etiketak: Etiketa erantsi
Etiketarik gabe, Izan zaitez lehena erregistro honi etiketa jartzen!
LEADER 00997nam0a2200241 i 4500
001 96045
003 RuSpLAN
005 20221220174000.0
008 221220s2017 ru gs 000 0 rus
020 |a 978-5-507-43475-6 
040 |a RuSpLAN 
041 0 |a rus 
044 |a ru 
245 0 0 |a Дефект и сверхкомпенсация  |c Выготский Л. С. 
260 |a Санкт-Петербург  |b Лань  |c 2017 
300 |a 16 с. 
504 |a Библиогр.: доступна в карточке книги, на сайте ЭБС Лань 
520 8 |a Классическое произведение, относящееся к общественному достоянию. 
521 8 |a Книга из коллекции Лань - Психология. Педагогика 
100 1 |a Выготский Л. С. 
856 4 |u https://e.lanbook.com/book/96045 
856 4 8 |u https://e.lanbook.com/img/cover/book/96045.jpg 
953 |a https://e.lanbook.com/img/cover/book/96045.jpg